Liverpool 25/26 Squad - Statistics

General Stats
  • This quiz has been taken 15 times
  • The average score is 11 of 25
Answer Stats
Country/Position/Shirt Number Answer % Correct
Netherlands, CB, #4 Virgil Van Dijk
90%
Georgia, GK, #25 Giorgi Mamardashvili
70%
England, CB, #2 Joe Gomez
70%
Brazil, GK, #1 Alisson Becker
60%
France, CB, #5 Ibrahima Konate
60%
Sweden, ST, #9 Alexander Isak
50%
Argentina, CM, #10 Alexis Mac Allister
50%
Hungary, CAM, #8 Dominik Szoboszlai
50%
Germany, CAM, #7 Florian Wirtz
50%
France, ST, #22 Hugo Ekitike
50%
Hungary, LB, #6 Milos Kerkez
50%
Netherlands, LM, #18 Cody Gakpo
40%
Northern Ireland, RB, #12 Conor Bradley
40%
England, CAM, #17 Curtis Jones
40%
Italy, ST, #14 Federico Chiesa
40%
Italy, CB, #15 Giovanni Leoni
40%
Egypt, RM, #11 Mohammed Salah
40%
Netherlands, CDM, #38 Ryan Gravenberch
40%
Hungary, GK, ? Armin Pecsi
30%
England, GK, #28 Freddie Woodman
30%
England, LW, #73 Rio Ngumoha
30%
Japan, CDM, #3 Wataru Endo
30%
Netherlands, RB, #30 Jermie Frimpong
10%
Spain, CM, #43 Stefan Bajcetic
10%
Scotland, LB, #26 Andrew Roberston
0%
No matching quizzes found
Score Distribution
Percent of People with Each Score
Percentile by Number Answered
Your Score History
You have not taken this quiz